00662nam a2200181Ia 4500008004000000020001800040082001500058100004300073245003500116250000500151260005200156300001400208650002500222690002300247906001100270999001900281952018000300210210b2002 xxu||||| |||| 00| 0 eng d a81 207 1937 9 a321.8 BHAW aBHAGWAN (Vishnoo) and BHUSHAN (Vidya). aWorld constitutions. Rev Ed 7. a aNew Delhi.bSterling Publishers Pvt Ltd.,c2002 avi,168,12 aWorld Constitution  aModern Governments a057867 c105447d105447 001040708Political ScienceaALbALcPolitical Scienced2021-02-17eHigginbothams (P) Ltd., Mangalore-01.g205.00l0o321.8 BHAWp057867r2021-02-17 00:00:00w2021-02-17yBK